|
|
|
|
| LEADER |
01084cam a2200289 7i4500 |
| 001 |
0000066090 |
| 005 |
20220203090000.0 |
| 020 |
|
|
|a 9780128176849
|
| 090 |
0 |
0 |
|a TK7868.P7
|b M58 2019
|
| 100 |
1 |
|
|a Mitzner, Kraig
|
| 245 |
1 |
0 |
|a Complete PCB design using OrCAD Capture and PCB editor
|c Kraig Mitzner, Bob Doe, Alexander Akulin, Anton Suponin, Dirk Muller.
|
| 250 |
|
|
|a Second edition.
|
| 264 |
|
|
|a San Diego, CA:
|b Academic Press,
|c 2019.
|
| 300 |
|
|
|a 1 online resource (xiv, 598 pages):
|b illustrations (chiefly color), text file, PDF.
|
| 336 |
|
|
|a text
|2 rdacontent
|
| 337 |
|
|
|a computer
|2 rdamedia
|
| 338 |
|
|
|a online resource
|2 rdacarrier
|
| 650 |
0 |
0 |
|a OrCAD SDT
|
| 650 |
0 |
0 |
|a Printed circuits --
|x Design and construction
|
| 655 |
0 |
0 |
|a Electronic books
|
| 700 |
1 |
|
|a Doe, Bob
|
| 700 |
1 |
|
|a Akulin, Alexander
|
| 700 |
1 |
|
|a Suponin, Anton
|
| 700 |
1 |
|
|a Muller, Dirk
|
| 856 |
4 |
2 |
|u http://library.unisel.edu.my/web/guest/mylibrary
|
| 997 |
|
|
|a Communication, Visual Art & Computing, Faculty
|b Computing, Department
|
| 999 |
|
|
|a EBO0010774
|b EBOOK
|c EBOOK
|e Electronic resources
|